| 000 | 00519cam a2200145K 4500 | ||
|---|---|---|---|
| 082 | 0 | 4 |
_a954.912 _bBRU |
| 100 | 1 |
_aBruce, Richard Isaac. _950321 |
|
| 245 | 1 | 4 | _aThe forward policy and its results |
| 260 |
_aLondon, _aNew York [etc.] _bLongmans, Green, and Co., _c1900. |
||
| 300 |
_a1 online resource (xxviii, 382 p.) _bfront., plates, ports., fold. map. |
||
| 526 |
_a0 _b0 _c0 _d954_912000000000000_BRU |
||
| 650 |
_aMCE _9379 |
||
| 856 | 4 | 0 | _uhttp://catalog.hathitrust.org/api/volumes/oclc/28302058.html |
| 942 |
_2ddc _cBK |
||
| 999 |
_c553046 _d553046 |
||